Online
Catalog

Lugar del aprendizaje activo en la universidad / (Record no. 17017)

MARC details
000 -CABECERA
campo de control de longitud fija 00800nam a2200205 a 4500
001 - NÚMERO DE CONTROL
campo de control 000017492
005 - FECHA Y HORA DE LA ÚLTIMA TRANSACCIÓN
campo de control 20200929165129.0
008 - DATOS DE LONGITUD FIJA--INFORMACIÓN GENERAL
campo de control de longitud fija 100325s1944 dr 001 0 spa d
040 ## - FUENTE DE LA CATALOGACIÓN
Centro catalogador/agencia de origen DO-SdBNP
Lengua de catalogación spa
Centro/agencia transcriptor BNPHU
082 ## - NÚMERO DE LA CLASIFICACIÓN DECIMAL DEWEY
Número de clasificación xxxx
Número de documento/Ítem O771l
049 ## - FONDOS LOCALES (OCLC)
Fondos de biblioteca BNPD
100 1# - ENTRADA PRINCIPAL--NOMBRE DE PERSONA
Nombre de persona Ortega Frier, Julio
9 (RLIN) 38209
245 10 - MENCIÓN DE TÍTULO
Título Lugar del aprendizaje activo en la universidad /
Mención de responsabilidad, etc. Julio Ortega Frier.
260 ## - PUBLICACIÓN, DISTRIBUCIÓN, ETC.
Lugar de publicación, distribución, etc. Ciudad Trujillo, República Dominicana :
Nombre del editor, distribuidor, etc. Universidad Autónoma de Santo Dominogo
-- Montalvo,
Fecha de publicación, distribución, etc. 1944.
300 ## - DESCRIPCIÓN FÍSICA
Extensión vii, 102 p. ;
Dimensiones 25 cm.
490 1# - MENCIÓN DE SERIE
Mención de serie Publicaciones de la Universidad Autónoma de Santo Dominogo
Designación de volumen o secuencia 8
500 ## - NOTA GENERAL
Nota general Incluye índice de materias
504 ## - NOTA DE BIBLIOGRAFÍA, ETC.
Nota de bibliografía, etc. Incluye referencias bibliográficas y notas al pie de las páginas
830 #0 - PUNTO DE ACCESO ADICIONAL DE SERIE-TÍTULO UNIFORME
Título uniforme Universidad Autónoma de Santo Dominogo
Designación de volumen o secuencia 8
9 (RLIN) 38210
Holdings
Estado de retiro Estado de pérdida Restricciones de uso No para préstamo Código de colección Localización permanente Ubicación/localización actual Ubicación en estantería Fecha de adquisición Número de inventario Total de préstamos Signatura topográfica completa Código de barras Fecha visto por última vez Número de copia Precio válido a partir de Tipo de ítem Koha Nota pública
    Préstamo interno   Raros y valiosos General General Depósito 06.04.2010 LF1   xxxx O771l 17492-30 25.06.2020 e. 3 25.06.2020 Préstamo interno Perteneció a la biblioteca personal de Julio Ortega Frier.
    Préstamo interno   Raros y valiosos General General Depósito 22.06.2011 LF1   xxxx O771l 17492-40 25.06.2020 e. 4 25.06.2020 Préstamo interno Perteneció a la biblioteca personal de Julio Ortega Frier.
    Préstamo interno   Raros y valiosos General General Depósito 22.06.2011 LF1   xxxx O771l 17492-50 25.06.2020 e. 5 25.06.2020 Préstamo interno Perteneció a la biblioteca personal de Julio Ortega Frier.
      Excluido de préstamo Raros y valiosos Patrimonio Dominicano Patrimonio Dominicano Depósito 25.03.2010 LF1   xxxx O771l 17492-10 25.06.2020   25.06.2020 No se presta Perteneció a la biblioteca personal de Julio Ortega Frier.
      Excluido de préstamo Raros y valiosos Patrimonio Dominicano Patrimonio Dominicano Depósito 25.03.2010 LF1   xxxx O771l 17492-20 25.06.2020 e. 2 25.06.2020 No se presta Perteneció a la biblioteca personal de Julio Ortega Frier.

Powered by Koha